Retazos (Registro nro. 76686)
[ vista simple ]
| 000 -CABECERA | |
|---|---|
| fixed length control field | 00447nam a22001937a 4500 |
| 003 - IDENTIFICADOR DEL NUMERO DE CONTROL | |
| control field | bpm |
| 005 - FECHA Y HORA DE LA ULTIMA TRANSACCION | |
| control field | 20260422085032.0 |
| 008 - ELEMENTOS DE LONGITUD FIJA -- INFORMACION GENERAL | |
| fixed length control field | 260422b |||||||| |||| 00| p spa d |
| 024 ## - OTRO IDENTIFICADOR NORMALIZADO | |
| Número o código normalizado | S. C. C. / M. C. y E. M.: |
| 040 ## - FUENTE DE CATALOGACION | |
| Código de la agencia catalogadora original | AR-CtUCP |
| 041 ## - LANGUAGE CODE | |
| Código de Idioma para texto o pista de sonido o título separado | spa |
| 080 ## - CLASIFICACIÓN DECIMAL UNIVERSAL | |
| Clasificación Decimal Universal | CDU |
| 100 ## - ASIENTO PRINCIPAL--NOMBRE PERSONAL | |
| Nombre del autor personal | Alejandro Mauriño |
| 245 ## - MENCION DE TITULO | |
| Titulo | Retazos |
| 260 ## - PUBLICACION, DISTRIBUCION, ETC. (PIE DE IMPRENTA) | |
| Lugar | Corrientes |
| Editor | Artes Offset |
| Fecha | 1996 |
| 650 ## - SASIENTO SECUNDARIO DE MATERIA - TERMINO TEMATICO | |
| Término controlado | Literatura - Poesía |
| 942 ## - TIPO DE MATERIAL | |
| Tipo de Item | LIBRO |
| Estado Perdido | Estado de Daño | Ubicacion Permanente | Ubicacion Actual | Sala | Fecha de Adquisicion | Signatura Topografica Completa | Numero de Inventario | Date last seen | Tipo de Ejemplar |
|---|---|---|---|---|---|---|---|---|---|
| Biblioteca Regional de Poesía | Biblioteca Regional de Poesía | Biblioteca | 22/04/2026 | 82 MAU r | P 153 | 22/04/2026 | LIBRO | ||
| Biblioteca Regional de Poesía | Biblioteca Regional de Poesía | Biblioteca | 22/04/2026 | 82 MAU r Ej. 2 | P 154 | 22/04/2026 | LIBRO | ||
| Biblioteca Regional de Poesía | Biblioteca Regional de Poesía | Biblioteca | 22/04/2026 | 82 MAU r Ej. 3 | P 155 | 22/04/2026 | LIBRO | ||
| Biblioteca Regional de Poesía | Biblioteca Regional de Poesía | Biblioteca | 22/04/2026 | 82 MAU r Ej. 4 | P 156 | 22/04/2026 | LIBRO | ||
| Biblioteca Regional de Poesía | Biblioteca Regional de Poesía | Biblioteca | 22/04/2026 | 82 MAU r Ej. 5 | P 157 | 22/04/2026 | LIBRO | ||
| Biblioteca Regional de Poesía | Biblioteca Regional de Poesía | Biblioteca | 22/04/2026 | 82 MAU r Ej. 6 | P 158 | 22/04/2026 | LIBRO | ||
| Biblioteca Regional de Poesía | Biblioteca Regional de Poesía | Biblioteca | 22/04/2026 | 82 MAU r Ej. 7 | P 159 | 22/04/2026 | LIBRO | ||
| Biblioteca Regional de Poesía | Biblioteca Regional de Poesía | Biblioteca | 22/04/2026 | 82 MAU r Ej. 8 | P 160 | 22/04/2026 | LIBRO | ||
| Biblioteca Regional de Poesía | Biblioteca Regional de Poesía | Biblioteca | 22/04/2026 | 82 MAU r Ej. 9 | P 161 | 22/04/2026 | LIBRO | ||
| Biblioteca Regional de Poesía | Biblioteca Regional de Poesía | Biblioteca | 22/04/2026 | 82 MAU r Ej. 10 | P 162 | 22/04/2026 | LIBRO | ||
| Biblioteca Regional de Poesía | Biblioteca Regional de Poesía | Biblioteca | 22/04/2026 | 82 MAU r Ej. 11 | P 163 | 22/04/2026 | LIBRO |
